000 01030nam a2200289 i 4500
001 8939
003 KOSZ 005
005 20200504114544.0
008 070619s1969 pl a g 001 0 pol
015 _aPB 1970/203
040 _aWA N
_cWA N
_dKOSZ 005/RW
080 _a323.1+321:301:335.5
100 1 _aWiatr, Jerzy Józef
_d(1931- )
_eAutor
245 1 0 _aNaród i państwo :
_bsocjologiczne problemy kwestii narodowej /
_cJerzy J. Wiatr.
260 _aWarszawa :
_b"Książka i Wiedza",
_c1969.
300 _a436, [4] s. :
_berr. ;
_c23 cm.
380 _aKsiążki.
504 _aIndeks.
650 4 _aMarksizm
_xa naród.
650 4 _aMarksizm
_xa państwo.
650 4 _aNaród
_xsocjologia.
650 4 _aPaństwo
_xsocjologia.
650 4 _aPaństwo
_xteoria.
710 2 _aSpółdzielnia Wydawniczo-Handlowa "Książka i Wiedza"
_4pbl.
856 _uhttp://koha.tu.koszalin.pl/cgi-bin/koha/opac-detail.pl?biblionumber=8939
_yKatalog online BPK
942 _2UKD
_cKS
999 _c8939
_d8939